00185nam a2200073Ia 4500008004100000100001500041245002400056260003100080170523s9999 xx 000 0 und d aDhar- D.N. 0aApplied Chemistry-2 aNew Delhi : Vayu Education